La musique française / (Record no. 157325)
[ view plain ]
| 000 -LEADER | |
|---|---|
| campo de control de longitud fija | 00748nam a22002175i 4500 |
| 001 - NÚMERO DE CONTROL | |
| campo de control | 157325 |
| 003 - IDENTIFICADOR DE NÚMERO DE CONTROL | |
| campo de control | ES-MaACL |
| 005 - FECHA Y HORA DE LA ÚLTIMA TRANSACCIÓN | |
| campo de control | 20230906210642.0 |
| 008 - DATOS DE LONGITUD FIJA--INFORMACIÓN GENERAL | |
| campo de control de longitud fija | 000114s1891 fr |||| | fre d |
| 040 ## - FUENTE DE CATALOGACIÓN | |
| Centro catalogador/agencia de origen | CAM |
| Lengua de catalogación | spa |
| Centro/agencia transcriptor | CAM |
| 100 1# - ENTRADA PRINCIPAL--NOMBRE DE PERSONA | |
| Nombre de persona | Lavoix, Henri-Marie-François. |
| 9 (RLIN) | 128756 |
| 245 13 - MENCIÓN DEL TÍTULO | |
| Título | La musique française / |
| Mención de responsabilidad, etc. | par H. Lavoix fils. |
| 260 ## - PUBLICACIÓN, DISTRIBUCIÓN, ETC. | |
| Lugar de publicación, distribución, etc. | Paris : |
| Nombre del editor, distribuidor, etc. | Librairies-imprimeries réunies, |
| Fecha de publicación, distribución, etc. | [s.a.] |
| 300 ## - DESCRIPCIÓN FÍSICA | |
| Extensión | 320 p. : |
| Otras características físicas | il. ; |
| Dimensiones | 21 cm. |
| 490 1# - MENCIÓN DE SERIE | |
| Mención de serie | Bibliothéque de l'enseignement des beaux-arts |
| 596 #1 - NOTA AL PIE DE IMPRENTA | |
| NOTA AL PIE DE IMPRENTA | En verso de la antep. consta la fecha 1891. |
| 650 #4 - PUNTO DE ACCESO ADICIONAL DE MATERIA--TÉRMINO DE MATERIA | |
| Término de materia o nombre geográfico como elemento de entrada | Música- |
| Subdivisión geográfica | Francia. |
| 9 (RLIN) | 15390 |
| 830 0# - PUNTO DE ACCESO ADICIONAL DE SERIE-TÍTULO UNIFORME | |
| Título uniforme | Bibliothéque de l'enseignement des beaux-arts |
| 9 (RLIN) | 181140 |
| 852 ## - LOCALIZACIÓN | |
| Ubicación | ES-MaACL |
| Número de control de estantería | B-2531 |
| Nota libre | -- Enc. tela |
| Estatus retirado | Estado de pérdida | Estado de daño | No para préstamo | Biblioteca de origen | Biblioteca actual | Ubicación en estantería | Fecha de adquisición | Fuente de adquisición | Total de préstamos | Signatura topográfica completa | Código de barras | Visto por última vez | Precio de reemplazo | Tipo de ítem Koha |
|---|---|---|---|---|---|---|---|---|---|---|---|---|---|---|
| Biblioteca del Ateneo de Madrid | Biblioteca del Ateneo de Madrid | Sala Pardo Bazán | 17/01/2008 | B-2531 | 1164640 | 23/02/2023 | 23/02/2023 | Libro impreso |
